[Event "Klatovy op-A 24th"]
[Site "Klatovy"]
[Date "2018.07.08"]
[Round "9"]
[White "Kantor, Jozef"]
[Black "Odehnal, Jaroslav"]
[Result "0-1"]
[WhiteElo "1813"]
[BlackElo "1974"]
[PlyCount "74"]
[EventDate "2018.06.30"]
[EventType "swiss"]
[EventRounds "9"]
[EventCountry "CZE"]
[SourceTitle "EXT 2019"]
[Source "ChessBase"]
[SourceDate "2018.10.10"]
[SourceVersion "1"]
[SourceVersionDate "2018.10.10"]
[SourceQuality "1"]

1. e4 e5 2. Nf3 Nc6 3. d4 exd4 4. Nxd4 Bc5 5. c3 Qf6 6. Be3 Nge7 7. Be2 0-0 8. 0-0 a6 9. Qd2 d5 10. Nxc6 Qxc6 11. Bxc5 Qxc5 12. b4 Qd6 13. exd5 Nxd5 14. Bf3 Rd8 15. Na3 c6 16. Rad1 Be6 17. Nc2 Qc7 18. Nd4 Nf6 19. Rfe1 Bc4 20. Qg5 h6 21. Qd2 a5 22. Qb2 a4 23. b5 c5 24. b6 Qc8 25. Nb5 Rxd1 26. Rxd1 Rb8 27. Nd6 Qe6 28. Nxb7 a3 29. Qb1 Bxa2 30. Qb5 Qc4 31. Qa5 Bb3 32. Nd6 Qa4 33. Qa7 Rxb6 34. Qxb6 Bxd1 35. Qb8+ Kh7 36. Qb1+ Bc2 37. Qa2 Qb3 0-1

[Event "Klatovy op-A 24th"]
[Site "Klatovy"]
[Date "2018.07.03"]
[Round "4"]
[White "Odehnal, Jaroslav"]
[Black "Novak, Vaclav2222"]
[Result "1-0"]
[WhiteElo "1974"]
[BlackElo "1778"]
[PlyCount "73"]
[EventDate "2018.06.30"]
[EventType "swiss"]
[EventRounds "9"]
[EventCountry "CZE"]
[SourceTitle "CBM 185 Extra"]
[Source "ChessBase"]
[SourceDate "2018.07.29"]
[SourceVersion "1"]
[SourceVersionDate "2018.07.29"]
[SourceQuality "1"]

1. d4 d5 2. c4 e6 3. Nc3 Nf6 4. Nf3 Nbd7 5. e3 Be7 6. Be2 b6 7. cxd5 exd5 8. 0-0 0-0 9. a3 Bb7 10. b4 Ne4 11. Qb3 Nxc3 12. Qxc3 Rc8 13. Bb2 Bf6 14. Qb3 Ba8 15. Rac1 c5 16. dxc5 bxc5 17. Bxf6 Qxf6 18. bxc5 Nxc5 19. Qb4 Ne6 20. Nd4 g6 21. Qa4 Nxd4 22. Qxd4 Qe7 23. a4 Rc7 24. Rxc7 Qxc7 25. Bf3 Qa5 26. Rd1 Rd8 27. h4 Bc6 28. h5 gxh5 29. Bxh5 Rd6 30. Qf4 Qc7 31. Bxf7+ Kg7 32. Bh5 Qe7 33. Qd4+ Rf6 34. Bf3 Qf7 35. Bxd5 Bxd5 36. Qxd5 Rxf2 37. Qg5+ 1-0

[Event "Klatovy op-A 24th"]
[Site "Klatovy"]
[Date "2018.07.02"]
[Round "3"]
[White "Danek, Vaclav"]
[Black "Odehnal, Jaroslav"]
[Result "0-1"]
[WhiteElo "1885"]
[BlackElo "1974"]
[PlyCount "58"]
[EventDate "2018.06.30"]
[EventType "swiss"]
[EventRounds "9"]
[EventCountry "CZE"]
[SourceTitle "CBM 185 Extra"]
[Source "ChessBase"]
[SourceDate "2018.07.29"]
[SourceVersion "1"]
[SourceVersionDate "2018.07.29"]
[SourceQuality "1"]

1. e4 d5 2. exd5 Nf6 3. d4 Nxd5 4. c4 Nf6 5. Nc3 Bf5 6. Nf3 e6 7. Be2 c6 8. 0-0 Bd6 9. h3 0-0 10. Nh4 Bg6 11. Nxg6 hxg6 12. Bg5 Nbd7 13. d5 exd5 14. cxd5 c5 15. f4 Qb6 16. Qd2 a6 17. Kh1 Rfe8 18. Rae1 Qb4 19. Bf3 Nh7 20. Re4 Rxe4 21. Bxe4 Re8 22. Bd3 Nxg5 23. fxg5 Qd4 24. Qc2 Qe5 25. g4 Qxg5 26. Qg2 Re3 27. Ne4 Qxd5 28. Nxd6 Rxh3+ 29. Kg1 Qxd3 0-1

[Event "CZE-chT2C 1213"]
[Site "Czech Republic"]
[Date "2012.11.04"]
[Round "2.5"]
[White "Karban, Vlastimil"]
[Black "Odehnal, Jaroslav"]
[Result "1-0"]
[WhiteElo "2094"]
[BlackElo "2028"]
[PlyCount "37"]
[EventDate "2012.10.14"]
[EventType "team-tourn"]
[EventRounds "11"]
[EventCountry "CZE"]
[SourceTitle "EXT 2015"]
[Source "ChessBase"]
[SourceDate "2014.11.20"]
[SourceVersion "1"]
[SourceVersionDate "2014.11.20"]
[SourceQuality "1"]
[WhiteTeam "Jihlava Gambit"]
[BlackTeam "Tabor II"]
[WhiteTeamCountry "CZE"]
[BlackTeamCountry "CZE"]

1. e4 e5 2. Bc4 Nf6 3. d3 Nc6 4. Nf3 Bc5 5. c3 d6 6. Bb3 Bg4 7. Nbd2 Qe7 8. h3 Bh5 9. Nf1 0-0-0 10. Qe2 d5 11. Ng3 dxe4 12. dxe4 Bg6 13. Bc2 Nh5 14. Nxh5 Bxh5 15. g4 Bg6 16. Bd2 f6 17. Nh4 Qe6 18. Nf5 Bxf5 19. gxf5 1-0

[Event "Tabor op"]
[Site "Tabor"]
[Date "2012.07.30"]
[Round "3"]
[White "Odehnal, Jaroslav"]
[Black "Malcanek, Jan"]
[Result "1/2-1/2"]
[WhiteElo "2100"]
[BlackElo "1907"]
[PlyCount "69"]
[EventDate "2012.07.29"]
[EventType "swiss"]
[EventRounds "9"]
[EventCountry "CZE"]
[SourceTitle "EXT 2013"]
[Source "ChessBase"]
[SourceDate "2012.11.22"]
[SourceVersion "1"]
[SourceVersionDate "2012.11.22"]
[SourceQuality "1"]

1. e4 c5 2. f4 Nc6 3. Nf3 g6 4. Nc3 Bg7 5. Bc4 d6 6. 0-0 e6 7. d3 Nge7 8. Qe1 0-0 9. Kh1 Nd4 10. Nxd4 cxd4 11. Ne2 d5 12. Bb3 dxe4 13. dxe4 b6 14. Ng3 Qc7 15. Bd2 Ba6 16. Rf2 Bc4 17. Rc1 Rfe8 18. e5 b5 19. Ne4 Nd5 20. Ba5 Qc6 21. Qd2 f5 22. Nd6 Reb8 23. Rf3 g5 24. Qxd4 Qxd6 25. Bxc4 bxc4 26. Qxc4 Qd7 27. fxg5 Bxe5 28. b3 Bg7 29. Qh4 Qf7 30. Rh3 Qg6 31. c4 Nb6 32. Re1 Re8 33. a4 Rac8 34. Rd3 e5 35. Red1 1/2-1/2

[Event "Tabor op"]
[Site "Tabor"]
[Date "2012.07.30"]
[Round "2"]
[White "Voloshin, Leonid"]
[Black "Odehnal, Jaroslav"]
[Result "1-0"]
[WhiteElo "2427"]
[BlackElo "2100"]
[PlyCount "69"]
[EventDate "2012.07.29"]
[EventType "swiss"]
[EventRounds "9"]
[EventCountry "CZE"]
[SourceTitle "EXT 2013"]
[Source "ChessBase"]
[SourceDate "2012.11.22"]
[SourceVersion "1"]
[SourceVersionDate "2012.11.22"]
[SourceQuality "1"]

1. Nf3 Nf6 2. d4 d5 3. c4 c6 4. e3 Bf5 5. Nc3 e6 6. Nh4 Bg6 7. Nxg6 hxg6 8. g3 dxc4 9. Bxc4 Nbd7 10. 0-0 Qa5 11. e4 Rd8 12. Be2 Nb6 13. Be3 Bb4 14. Qc2 0-0 15. a3 Bxc3 16. bxc3 Qa4 17. Qb1 Rd7 18. Rc1 Nc4 19. Bf4 Nh5 20. Qb4 Qxb4 21. axb4 Nxf4 22. Bxc4 Nh3+ 23. Kg2 Ng5 24. e5 a6 25. f4 Nh7 26. Rf1 Re8 27. g4 f5 28. exf6 Nxf6 29. Rae1 Rde7 30. Kg3 Nd5 31. Rf3 b5 32. Bb3 Kh7 33. Re5 Kh6 34. Bc2 Rf8 35. Rh5+ 1-0

[Event "Tabor op"]
[Site "Tabor"]
[Date "2012.07.29"]
[Round "1"]
[White "Odehnal, Jaroslav"]
[Black "Skorepa, Jakub"]
[Result "1-0"]
[WhiteElo "2100"]
[BlackElo "1680"]
[PlyCount "68"]
[EventDate "2012.07.29"]
[EventType "swiss"]
[EventRounds "9"]
[EventCountry "CZE"]
[SourceTitle "EXT 2013"]
[Source "ChessBase"]
[SourceDate "2012.11.22"]
[SourceVersion "1"]
[SourceVersionDate "2012.11.22"]
[SourceQuality "1"]

1. d4 d5 2. c4 c6 3. Nc3 Nf6 4. cxd5 cxd5 5. Nf3 Nc6 6. Bg5 e6 7. e3 Be7 8. Bd3 0-0 9. 0-0 a6 10. Rc1 Bd7 11. Bb1 b5 12. Qd3 g6 13. a3 Kg7 14. Nd2 Ne8 15. Bxe7 Qxe7 16. Nb3 Nd6 17. Nc5 Nc4 18. Qe2 Rfc8 19. Bd3 Nb6 20. h4 e5 21. Nxd7 Qxd7 22. dxe5 Nxe5 23. Rfd1 Rd8 24. b3 Rac8 25. Qb2 f6 26. Be2 Qe6 27. Rd2 Rd7 28. Rcd1 Rcd8 29. Na2 Nc6 30. Nc1 Ne5 31. Qd4 Nc8 32. Nd3 Nxd3 33. Rxd3 Ne7 34. g4 g5 1-0

[Event "CZE-chT2A 1011"]
[Site "Czech Republic"]
[Date "2010.11.21"]
[Round "3"]
[White "Michal, Josef"]
[Black "Odehnal, Jaroslav"]
[Result "0-1"]
[WhiteElo "2025"]
[BlackElo "2100"]
[PlyCount "38"]
[EventDate "2010.10.17"]
[EventType "team-tourn"]
[EventRounds "11"]
[EventCountry "CZE"]
[SourceTitle "EXT 2012"]
[Source "ChessBase"]
[SourceDate "2011.11.24"]
[SourceVersion "1"]
[SourceVersionDate "2011.11.24"]
[SourceQuality "1"]
[WhiteTeam "HerNyr"]
[BlackTeam "Tabor II"]
[WhiteTeamCountry "CZE"]
[BlackTeamCountry "CZE"]

1. Nf3 d5 2. g3 Nf6 3. Bg2 c5 4. 0-0 Nc6 5. d3 Bf5 6. c4 e6 7. Bf4 Bd6 8. Bxd6 Qxd6 9. Nc3 0-0 10. Qb3 d4 11. Nb5 Qd7 12. Na3 e5 13. Qb5 e4 14. dxe4 Nxe4 15. Nh4 a6 16. Qb6 Rfe8 17. Nxf5 Qxf5 18. Qxb7 Qe6 19. b3 Ra7 0-1

[Event "Tabor op"]
[Site "Tabor"]
[Date "2009.08.03"]
[Round "2"]
[White "Civin, Tomas"]
[Black "Odehnal, Jaroslav"]
[Result "1-0"]
[WhiteElo "2425"]
[BlackElo "2083"]
[PlyCount "31"]
[EventDate "2009.08.02"]
[EventType "swiss"]
[EventRounds "9"]
[EventCountry "CZE"]
[SourceTitle "CBM 131 Extra"]
[Source "ChessBase"]
[SourceDate "2009.09.03"]
[SourceVersion "2"]
[SourceVersionDate "2009.09.16"]
[SourceQuality "1"]

1. d4 d5 2. c4 c6 3. Nf3 Nf6 4. Nc3 Bf5 5. Qb3 b6 6. cxd5 Nxd5 7. e4 Nxc3 8. exf5 Nd5 9. Bd3 Qd6 10. 0-0 Nd7 11. Re1 g6 12. Bg5 f6 13. Bh4 g5 14. Bg3 Qb4 15. Qc2 Rc8 16. a3 1-0

[Event "CZE-chT2a 0405"]
[Site "Czech Republic"]
[Date "2005.03.20"]
[Round "10.7"]
[White "Jirkovsky, Tomas"]
[Black "Odehnal, Jaroslav"]
[Result "0-1"]
[WhiteElo "2096"]
[BlackElo "1921"]
[PlyCount "54"]
[EventDate "2004.10.17"]
[EventType "team"]
[EventRounds "11"]
[EventCountry "CZE"]
[SourceTitle "EXT 2007"]
[Source "ChessBase"]
[SourceDate "2006.11.23"]
[SourceVersion "1"]
[SourceVersionDate "2006.11.23"]
[SourceQuality "1"]
[WhiteTeam "Kladno"]
[BlackTeam "Tabor II"]
[WhiteTeamCountry "CZE"]
[BlackTeamCountry "CZE"]

1. e4 d5 2. exd5 Nf6 3. d4 Nxd5 4. Bc4 g6 5. Ne2 Bg7 6. c3 Nc6 7. Nd2 0-0 8. h4 e5 9. Nf3 Nb6 10. Bb3 exd4 11. Nfxd4 Nxd4 12. Nxd4 Re8+ 13. Kf1 c5 14. Bg5 Qd7 15. Nf3 Qc6 16. h5 Bg4 17. hxg6 hxg6 18. Rh4 Qb5+ 19. c4 Qd7 20. Qc1 Qd3+ 21. Kg1 Bxf3 22. gxf3 Qxf3 23. Be3 Re4 24. Rxe4 Qxe4 25. Bxc5 Qg4+ 26. Kf1 Qh3+ 27. Ke2 Qh5+ 0-1

[Event "CZE-ch opA U18"]
[Site "Frymburk"]
[Date "2002.??.??"]
[Round "8"]
[White "Fojtik, Tomas"]
[Black "Odehnal, Jaroslav"]
[Result "1-0"]
[WhiteElo "1969"]
[BlackElo "1914"]
[PlyCount "123"]
[EventDate "2002.03.??"]
[EventType "swiss"]
[EventRounds "8"]
[EventCountry "CZE"]
[SourceTitle "EXT 2004"]
[Source "ChessBase"]
[SourceDate "2003.11.25"]
[SourceVersion "1"]
[SourceVersionDate "2003.11.25"]
[SourceQuality "1"]

1. d4 Nf6 2. c4 g6 3. Nc3 Bg7 4. e4 d6 5. Nf3 0-0 6. Be2 Nc6 7. 0-0 e5 8. d5 Ne7 9. Ne1 Nd7 10. Nd3 f5 11. f3 Nf6 12. c5 f4 13. b4 g5 14. g4 fxg3 15. hxg3 h6 16. Kg2 Qe8 17. Nb2 Qg6 18. cxd6 cxd6 19. Nc4 Nh5 20. Rg1 Bd7 21. b5 Rac8 22. Ba3 Kh7 23. Rc1 Nf4+ 24. gxf4 gxf4+ 25. Kf2 Qh5 26. Ke1 Qh4+ 27. Kd2 Qf2 28. Rxg7+ Kxg7 29. Qg1+ Qg3 30. Qxg3+ fxg3 31. Rg1 Kf6 32. Rxg3 Rg8 33. Rxg8 Rxg8 34. Bxd6 Ng6 35. Ke3 h5 36. f4 exf4+ 37. Bxf4 Nxf4 38. Kxf4 h4 39. e5+ Ke7 40. e6 h3 41. Bf3 h2 42. Be4 Rh8 43. Ne5 Rh4+ 44. Ng4 h1Q 45. Bxh1 Rxh1 46. exd7 Kxd7 47. Nf2 Re1 48. Nfe4 Rh1 49. Ke5 Rh5+ 50. Kd4 Rh4 51. Kc5 b6+ 52. Kd4 Rh2 53. Nf6+ Ke7 54. Ke5 Rd2 55. d6+ Kd8 56. d7 Rc2 57. Ncd5 Rxa2 58. Kd6 a5 59. Ne7 Rd2+ 60. Nfd5 Rxd5+ 61. Nxd5 a4 62. Nc7 1-0

[Event "CZE-ch opA U18"]
[Site "Frymburk"]
[Date "2002.??.??"]
[Round "1"]
[White "Odehnal, Jaroslav"]
[Black "Palek, Miroslav"]
[Result "0-1"]
[WhiteElo "1914"]
[BlackElo "2184"]
[PlyCount "114"]
[EventDate "2002.03.??"]
[EventType "swiss"]
[EventRounds "8"]
[EventCountry "CZE"]
[SourceTitle "EXT 2004"]
[Source "ChessBase"]
[SourceDate "2003.11.25"]
[SourceVersion "1"]
[SourceVersionDate "2003.11.25"]
[SourceQuality "1"]

1. e4 c5 2. Nf3 e6 3. c3 d5 4. exd5 exd5 5. d4 Nc6 6. Be2 Nf6 7. Bg5 Be6 8. 0-0 Be7 9. dxc5 Bxc5 10. Nbd2 0-0 11. Nb3 Be7 12. Nfd4 Ne4 13. Bxe7 Qxe7 14. Bf3 f5 15. Re1 Rf6 16. g3 Bf7 17. Bg2 Qc7 18. f4 Qb6 19. Qc2 Rc8 20. Rad1 Bh5 21. Rc1 h6 22. Bxe4 fxe4 23. Qd2 Re8 24. Re3 Ne7 25. h3 Bf7 26. Kh2 Nc8 27. Na1 Nd6 28. b3 Qa5 29. Rf1 Rf8 30. g4 g6 31. Qb2 Be8 32. Kg3 Qc7 33. Qf2 g5 34. Ne2 Bb5 35. c4 gxf4+ 36. Nxf4 Nxc4 37. bxc4 Rxf4 38. Qxf4 Rxf4 39. Rxf4 Bxc4 40. Nb3 Bxb3 41. axb3 a5 42. h4 Qc1 43. Re2 Qc3+ 44. Kg2 Qxb3 45. Ref2 Qb4 46. g5 hxg5 47. hxg5 Qe7 48. Kg3 e3 49. Re2 Qe5 50. Kf3 d4 51. Re4 Qd5 52. Kf4 a4 53. Re5 Qd6 54. Kf5 a3 55. Ra5 d3 56. Ra8+ Kg7 57. Rxe3 d2 0-1